000 00267nam a22001217a 4500
008 180226b xxu||||| |||| 00| 0 eng d
041 _aeng
080 _a617
100 _a6
101 _aANE
245 _aAnesthesia for Ophthalmology
_cBruce, R.A
942 _2udc
_cBK
999 _c43516
_d43516